| 000 | 00375nam a2200157Ia 4500 | ||
|---|---|---|---|
| 008 | 151213s9999 xx 000 0 und d | ||
| 100 | _aMd.. Shamsul Haque | ||
| 245 |
_aC.R.PC _cMd.. Shamsul Haque |
||
| 250 | _a1st | ||
| 260 |
_aDhaka _bMrs. Rumana Haque _c2007 |
||
| 300 | _a6865 p. | ||
| 650 | _aLaw | ||
| 650 | _aLaw | ||
| 700 | _aMd.. Shamsul Haque | ||
| 999 |
_c3694 _d3694 |
||